Reflejos en un ojo dorado / (Registro nro. 30746)

Detalles MARC
000 -LEADER
fixed length control field 01858nam a22003017a 4500
003 - CONTROL NUMBER IDENTIFIER
control field OSt
005 - DATE AND TIME OF LATEST TRANSACTION
control field 20240712142330.0
008 - FIXED-LENGTH DATA ELEMENTS--GENERAL INFORMATION
fixed length control field 240423t19811981sp er 000 fdspa d
020 ## - INTERNATIONAL STANDARD BOOK NUMBER
International Standard Book Number 8402081576
037 ## - SOURCE OF ACQUISITION
Stock number Donación
040 ## - CATALOGING SOURCE
Original cataloging agency CO-JMCR
Language of cataloging spa
Transcribing agency CO-JMCR
Modifying agency CO-JMCR
Description conventions rda
041 0# - LANGUAGE CODE
Language code of text/sound track or separate title spa
082 04 - DEWEY DECIMAL CLASSIFICATION NUMBER
Classification number A-N
Item number MCCr
100 1# - MAIN ENTRY--PERSONAL NAME
Personal name McCullers , Carson,
Dates associated with a name 1917 - 1967
Relator term autor
9 (RLIN) 43655
245 10 - TITLE STATEMENT
Title Reflejos en un ojo dorado /
Statement of responsibility, etc. Carson McCullers ; traduccion de Jaime Silva
246 #1 - VARYING FORM OF TITLE
Title proper/short title Reflections in a golden eye
250 ## - EDITION STATEMENT
Edition statement Primera edición
260 ## - PUBLICATION, DISTRIBUTION, ETC.
Place of publication, distribution, etc. España :
Name of publisher, distributor, etc. Bruguera ,
Date of publication, distribution, etc. 1981
-- ©1981
300 ## - PHYSICAL DESCRIPTION
Extent 216 páginas ;
Dimensions 18 cm.
490 ## - SERIES STATEMENT
Series statement Colección de literatura universal Bruguera ;
Volume/sequential designation 85
500 ## - GENERAL NOTE
General note Incluye datos biográficos del autor
520 3# - SUMMARY, ETC.
Summary, etc. En el ambiente enclaustrado de una base militar, un islote aparte en el mundo, un precipitado de tensiones internas entre distintos personajes que habitan ese entorno asfixiante desemboca en una muerte violenta.<br/>[Carson McCullers escandalizó a la opinión pública americana con Reflejos en un ojo dorado, abordando, en esta su segunda novela, temas como la homosexualidad, la infidelidad o la desolación en el contexto de una intachable institución del ejército americano durante la década de los treinta.<br/>La prosa rabiosamente lúcida que recorre la novela convierte esta obra brutal en mucho más que la historia de un crimen: es un microcosmos, el espejo de los fantasmas interiores que pueblan la mente de los personajes de Carson McCullers, y una de las más acabadas muestras del arte de esta escritora excepcional.]
650 14 - SUBJECT ADDED ENTRY--TOPICAL TERM
Source of heading or term JMCR
Topical term or geographic name entry element Literatura Estadounidense
Chronological subdivision Siglo XX
9 (RLIN) 13472
650 24 - SUBJECT ADDED ENTRY--TOPICAL TERM
Source of heading or term JMCR
Topical term or geographic name entry element Novela estadounidense
Chronological subdivision Siglo XX
9 (RLIN) 6991
650 34 - SUBJECT ADDED ENTRY--TOPICAL TERM
Source of heading or term JMCR
Topical term or geographic name entry element Homosexualidad en la literatura
9 (RLIN) 43657
700 1# - ADDED ENTRY--PERSONAL NAME
Personal name Silva , Jaime,
Relator term traductor
9 (RLIN) 43658
942 ## - ADDED ENTRY ELEMENTS (KOHA)
Source of classification or shelving scheme Dewey Decimal Classification
Koha item type Books
Existencias
Withdrawn status Lost status Source of classification or shelving scheme Damaged status Not for loan Home library Current library Shelving location Date acquired Total Checkouts Full call number Barcode Date last seen Copy number Price effective from Koha item type
    Dewey Decimal Classification     Biblioteca Pública José María del Castillo y Rada Biblioteca Pública José María del Castillo y Rada Fiction 12/06/2021   A-N MCCr 201811271 04/23/2024 Ej.1 04/23/2024 Books